| 000 | 00662nam a22002057a 4500 | ||
|---|---|---|---|
| 999 |
_c8341 _d8341 |
||
| 003 | AR-CdUCM | ||
| 008 | 190322b ||||| |||| 00| 0 spa d | ||
| 040 |
_aMUNICIPALIDAD PROVINCIAL DEL CUSCO _cBIBLIOTECA MUNICIPAL DEL CUSCO |
||
| 082 |
_a591.5 / _bD71 |
||
| 110 |
_aDisney, Walt _923411 |
||
| 245 |
_aLa pradera del pasado : _bUna aventura de la vida real / |
||
| 260 |
_aMéxico : _bFernández editores, _c1963. |
||
| 300 |
_a35 paginas ; _c23 cm. |
||
| 505 | _aContenido :La pradera del pasado. | ||
| 650 |
_aNaturaleza _94241 |
||
| 650 |
_aConocimiento y observación _923412 |
||
| 700 |
_aCastaño, Alfonso _923413 |
||
| 942 |
_2ddc _cLIBROS |
||
| 945 | _arum | ||